LIBRARY & INFORMATION CENTRE, KCAET, TAVANUR

ONLINE PUBLIC ACCESS CATALOGUE (OPAC)

Refinement and performace evaluation of media bed aquaponic system / (Record no. 18143)

MARC details
000 -LEADER
fixed length control field 00452nam a22001577a 4500
003 - CONTROL NUMBER IDENTIFIER
control field OSt
082 ## - DEWEY DECIMAL CLASSIFICATION NUMBER
Classification number 631.587
Item number ARJ/RE
088 ## - REPORT NUMBER
Report number T 631
100 ## - MAIN ENTRY--AUTHOR NAME
Personal name Arjun Prakash K. V
245 ## - TITLE STATEMENT
Title Refinement and performace evaluation of media bed aquaponic system /
260 ## - PUBLICATION, DISTRIBUTION, ETC. (IMPRINT)
Place of publication Tavanur :
Name of publisher Department of Irrigation and Drainage Engineering,
Year of publication 2024.
300 ## - PHYSICAL DESCRIPTION
Number of Pages 379p.
650 ## - SUBJECT ADDED ENTRY--TOPICAL TERM
Topical Term Aquaponic system
700 ## - ADDED ENTRY--PERSONAL NAME
Personal name Suseela, P. (Guide)
942 ## - ADDED ENTRY ELEMENTS (KOHA)
Koha item type Theses
Holdings
Collection code Home library Current library Full call number Accession Number Koha item type Public note
Reference KAUAET KAUAET 631.587 ARJ/RE T 631 Theses PhD Thesis
free website counter